000 00290nam a2200121Ia 4500
008 190216s9999||||xx |||||||||||||| ||und||
100 _aNageswara Rao
245 0 _aInspiring Lives
260 _bPublications Division
_c1997
300 _a69p
650 _aEnglish Prose
942 _cBK
999 _c13899
_d13899